King Abdul Aziz bin Abdul Rahman al-Saud: (Record no. 187846)

000 -LEADER
fixed length control field 00858 a2200241 4500
003 - CONTROL NUMBER IDENTIFIER
control field NUST
005 - DATE AND TIME OF LATEST TRANSACTION
control field 20230320180004.0
010 ## - LIBRARY OF CONGRESS CONTROL NUMBER
LC control number 00283207
020 ## - INTERNATIONAL STANDARD BOOK NUMBER
International Standard Book Number 969-8366-00-8
035 ## - SYSTEM CONTROL NUMBER
System control number (DLC) 00283207
040 ## - CATALOGING SOURCE
Transcribing agency Nust
082 00 - DEWEY DECIMAL CLASSIFICATION NUMBER
Classification number 953.81,BAH
-- B
100 1# - MAIN ENTRY--PERSONAL NAME
Personal name Bahrullah, Hazarvi
9 (RLIN) 110727
245 10 - TITLE STATEMENT
Title King Abdul Aziz bin Abdul Rahman al-Saud:
Remainder of title the founder of [sic] Royal Kingdom of Saudi Arabia / عبدالعزیز بن عبدالرحمن آل سعود بانی مملکت سعودی عرب (Urdu) /
Statement of responsibility, etc. Bahrullah Hazarvi.
250 ## - EDITION STATEMENT
Edition statement 1st ed.
260 ## - PUBLICATION, DISTRIBUTION, ETC.
Place of publication, distribution, etc. Islamabad :
Name of publisher, distributor, etc. Fawad Publications,
Date of publication, distribution, etc. 1997.
300 ## - PHYSICAL DESCRIPTION
Extent 482 p.;
600 00 - SUBJECT ADDED ENTRY--PERSONAL NAME
Personal name Ibn Sa?嵤,
Dates associated with a name 1880-1953.
9 (RLIN) 110728
650 ## - SUBJECT ADDED ENTRY--TOPICAL TERM
Topical term or geographic name entry element Saudi Arabia (Urdu)
9 (RLIN) 110729
651 #0 - SUBJECT ADDED ENTRY--GEOGRAPHIC NAME
Geographic name Saudi Arabia
General subdivision History
Chronological subdivision 20th century.
9 (RLIN) 110730
651 #0 - SUBJECT ADDED ENTRY--GEOGRAPHIC NAME
General subdivision Kings and rulers
9 (RLIN) 110731
942 ## - ADDED ENTRY ELEMENTS (KOHA)
Source of classification or shelving scheme
Koha item type Book
Call number prefix 953.81,BAH
Holdings
Withdrawn status Lost status Source of classification or shelving scheme Damaged status Not for loan Permanent Location Current Location Shelving location Date acquired Full call number Barcode Date last seen Price effective from Koha item type Public note
          Military College of Signals (MCS) Military College of Signals (MCS) General Stacks 12/12/2016 953.81,BAH MCS34544 12/08/2016 12/12/2016 Book Almirah No.66, Shelf No.6
© 2023 Central Library, National University of Sciences and Technology. All Rights Reserved.